Britische Kolonien (mit Karte) - Statistiken

Allgemein
  • Dieses Quiz wurde 108 mal gespielt
    98 seit der letzten Aktualisierung
  • Das Durchschnittsergebnis liegt bei 48 aus 92
Antworten auf der Karte
Die Antworten werden auf der Karte rot bzw. grün angezeigt, abhängig davon wie oft sie richtig erraten wurden.
 
Antwortstatistiken
Besetzung Land ehemaliges Land % Korrekt
1858 - 1947 Indien Britisch-Indien
97%
1770 - 1931 Australien
95%
1609 - 1783 Vereinigte Staaten
95%
1763 - 1867 Kanada
94%
1840 - 1931 Neuseeland
92%
1806 - 1961 Südafrika Süafrikanische Union
91%
1882 - 1922 Ägypten
84%
1858 - 1947 Pakistan Britisch-Indien
84%
1899 - 1956 Sudan Anglo-Ägyptischer Sudan
82%
1541 - 1921 Irland
81%
1899 - 1956 Südsudan Anglo-Ägyptischer Sudan
80%
1858 - 1971 Bangladesch Britisch-Indien
78%
1895 - 1963 Kenia Britisch-Ostafrika
77%
1868 - 1966 Lesotho Basutoland
77%
1922 - 1961 Tansania Tanganjika
77%
1655 - 1962 Jamaika
75%
1891 - 1958 Oman
75%
1796 - 1965 Malediven
73%
1796 - 1948 Sri Lanka Britisch-Ceylon
73%
1920 - 1932 Irak
72%
1700 - 1957 Malaysia Britisch Malaya
72%
1858 - 1948 Myanmar Britisch-Indien
72%
1849 - 1960 Nigeria Britisch-Westafrika
72%
1839 - 1967 Jemen Kolonie Aden / Protektorar Aden
71%
1896 - 1962 Uganda
71%
1885 - 1966 Botswana Betschuanaland
70%
1919 - 1990 Namibia Südwestafrika
70%
1981 - 1980 Simbabwe Südrhodesien
70%
1907 - 1968 Eswatini Swasiland
68%
1903 - 1976 Seychellen
68%
1717 - 1973 Bahamas
67%
1800 -1964 Malta
67%
1922 - 1946 Jordanien Transjordanien
66%
1884 - 1960 Somalia Britisch-Somaliland
66%
1841 - 1997 Hongkong
65%
1914 - 1960 Zypern Britisch Zypern
65%
1884 - 1905 Papua-Neuguinea Britisch-Neuguinea
63%
1911 - 1964 Sambia Nordrhodesien
63%
1621 - 1960 Ghana Britisch-Westafrika
62%
1891 - 1968 Malawi Njassaland
62%
1700 - 1957 Singapur Britisch Malaya
62%
1900 - 1970 Tonga
62%
1874 - 1970 Fidschi
61%
1810 - 1968 Mauritius
61%
1798 - 1862 Belize Britisch-Honduras
59%
1868 - 1971 Katar
59%
1892 - 1978 Tuvalu
59%
1919 - 1961 Kamerun Britisch-Kamerun
58%
1899 - 1961 Kuwait
57%
1835 - 1971 Vereinigte Arabische Emirate
57%
1831 - 1966 Guyana Britisch-Guyana
56%
1814 - 1979 St. Lucia
56%
1820 - 1971 Bahrain
54%
1664 - 1965 Gambia Britisch-Westafrika
54%
seit 1704 Gibraltar
53%
1906 - 1980 Vanuatu
52%
1625 - 1966 Barbados
48%
1920 - 1968 Nauru
48%
1763 - 1974 Grenada
47%
1791 - 1961 Sierra Leone Britisch-Westafrika
47%
1910 - 1947 Bhutan
46%
1885 - 1978 Salomonen
46%
1888 - 1984 Brunei
43%
1892 - 1979 Kiribati
42%
seit 1833 Falklandinseln
41%
seit 1620 Bermuda
39%
St. Helena
38%
1763 - 1978 Dominica
34%
1655 - 1850 Honduras Moskitoküste
32%
1920 - 1948 Palästina
32%
1655 - 1850 Nicaragua Moskitoküste
23%
1797 - 1962 Trinidad und Tobago
23%
seit 1672 Britische Jungferninseln
18%
1600 - 1983 St. Kitts und Nevis
18%
1962 - 1981 Antigua und Barbuda
16%
1888 - 1901 Cookinseln
16%
seit 1650 Anguilla
15%
seit 1066 Jersey
14%
seit 1066 Guernsey
11%
Ascension
10%
seit 1700 Cayman Islands
10%
seit 1765 Isle of Man
10%
seit 1838 Pitcairninseln
10%
1783 - 1979 St. Vincent und die Grenadinen
10%
Tristan da Cunha
10%
seit 1776 Turks und Caicosinseln
10%
seit 1814 Britisches Territorium im Indischen Ozean
9%
seit 1632 Montserrat
9%
Südgeorgien und die südlichen Sandwichinseln
8%
1892 - 1926 Tokelau
5%
seit 1914 Akrotiri und Dekelia
4%
1842 - 1945 Shanghai
1%
Keine übereinstimmenden Quizze gefunden
Verteilung der Resultate
Anzahl Personen mit jedem Resultat
Perzentil nach korrekt beantworteten Fragen
Ihre Resultats-Entwicklung
Sie haben dieses Quiz seit der letzten Aktualisierung nicht gespielt